| 000 | 01114nam a2200313 a 4500 | ||
|---|---|---|---|
| 008 | 130729s2012 ag ||||| |||| 00| 0 spa d | ||
| 020 | _a9788415419464 | ||
| 041 | _aspa | ||
| 092 |
_c616.61 _l15 _sDAU |
||
| 100 | 1 |
_aDaugirdas, John T. _92552 |
|
| 245 |
_aManual de tratamiento de la enfermedad renal crónica / _cJohn T. Daugirdas |
||
| 250 | _a1a ed. | ||
| 260 |
_aBarcelona: _bLippincott; _c2012. |
||
| 300 | _a638 p. | ||
| 500 | _aDaugirdas, J. T. (2012). Manual de tratamiento de la enfermedad renal crónica. (1a ed.). Barcelona : Lippincott. | ||
| 653 | _aFuncion renal | ||
| 653 | _aEpidemiologia | ||
| 653 | _aCribado y tratamiento | ||
| 653 | _aTabaquismo, abuso de sustancias | ||
| 653 | _aAdiposidad visceral y control del peso | ||
| 653 | _aIngesta de sodio y potasio | ||
| 653 | _aRestriccion de la ingesta de sodio y potasio | ||
| 653 | _aIngesta de proteinas | ||
| 653 | _aTrastornos minerales y oseos | ||
| 653 | _aRestriccion de proteinas y fosforo | ||
| 653 | _aAcido urico, fructosa y el riñon | ||
| 653 | _aProductos finales de la glucacion avanzada | ||
| 942 |
_2ddc _cBK |
||
| 999 |
_c1596 _d1596 |
||